| 000 | 00769nam a2200229Ia 4500 | ||
|---|---|---|---|
| 008 | 130821s1996 sp gr spa | ||
| 020 | _a8449502861 | ||
| 040 |
_aCo-BoUCM _bspa |
||
| 041 | 0 | 0 | _aspa |
| 100 | 1 |
_aWilde, Oscar _d1854-1900 _940163 |
|
| 245 | 1 | 3 |
_aEl retrato de Dorian Gray _cOscar Wilde ; traducción María Jesús Sevillano. |
| 260 |
_aMadrid (España) _bM. E. Editores _c1996 |
||
| 300 | _a264 páginas | ||
| 490 |
_aClásicos de Siempre _v86 |
||
| 504 | _aIncluye biografía del autor. | ||
| 650 | 0 | 4 |
_aLiteratura europea _926524 |
| 650 | 0 | 4 |
_aLiteratura inglesa _9272 |
| 650 | 0 | 4 |
_aNovela inglesa _920530 |
| 700 | 1 |
_aSevillano, María Jesús _etrad. _9156544 |
|
| 942 |
_cLIBRO _a18 _e1 _mW45r _2DEWEY _h823.8 |
||
| 999 |
_c20880 _d20880 |
||